00613nam a2200157 a 450000100100000000500170001000800410002704000250006808200150009310000340010824000570014224500880019926000380028730000210032550001090034600003541620240502103719.0111031s1971 mx 000 0 spa d aDO-SdBNPbspacBNPHU axxxbD486r1 aDeutscher, Isaac, d1907-196713aThe unfinish revolution. Rusia, 1971-1967lEspañol13aLa revolución inconclusa :b50 años de historia soviética /cIsaac Deutscher. aMéxico :bEdiciones Era,c1971. a132 p. ;c20 cm. aConferencias "George Macaulay Trevelyan" Pronunciadas en la Universidad de Cambridge enero/marzo de 1967